00395nam a2200157Ia 4500001000500000005001700005008004100022041000800063082001600071100002700087245007000114260000900184300002800193650000800221654000800229433220260306145748.0260306t2012||||xx |||||||||||||| ||spa|| aESP a320.96bA59 aAnderson, Jon LeeeAUT 0aLa herencia colonial y otras maldiciones:bcrónicas de África c2012 a293 páginas :c23 cm. aGEN aCDE